| 000 | 00896nam a2200241 a 4500 | ||
|---|---|---|---|
| 001 | 41047 | ||
| 003 | BD-RjUL | ||
| 005 | 20211209053323.0 | ||
| 008 | 160514s1997 bg ||||| b||| 00| 0 ben d | ||
| 020 | _c: TK 140.00 | ||
| 035 | _a(BD-RjUL)41163 | ||
| 040 |
_aBD-RjUL _bben _cBD-RjUL |
||
| 041 | _aben | ||
| 082 |
_223 _a891.4409 _bBAP 1997 |
||
| 100 |
_aবালা, অমৃত লাল _9126304 |
||
| 245 | 1 | 0 |
_aপদ্মাবতী সমীক্ষা / _cঅমৃত লাল বালা |
| 250 | _a১ম সং. | ||
| 260 |
_aরাজশাহী : _bহামিদা বুক, _c১৯৯৭ |
||
| 300 |
_a[১০], ২৫৭ পৃ. ; _c২১ সেমি. |
||
| 650 |
_aবাংলা সাহিত্য _xইতিহাস ও সমালোচনা _9118060 |
||
| 650 |
_aBengali Literature _xHistory & Criticism _9120485 |
||
| 942 |
_2ddc _cBK |
||
| 999 |
_c41047 _d41047 |
||